000 01109cam a22003493a 4500
001 6336
003 FISKH
005 20250422152435.0
008 030609s2003 nyua j 000 1 eng d
010 _a 2004596447
020 _a0439409020 (pbk.) :
020 _a078073003990
040 _aOCO
_cOCO
_dOCLCQ
_dDLC
_beng
050 _aPZ7
082 _a158
100 1 _aLanier, Bob,
_d1948-
245 1 0 _aOut of bounds /
_cby Bob Lanier and Heather Goodyear ; illustrated by Desire Grover.
260 _aNew York :
_bScholastic,
_c2003.
300 _a69 pages :
_billustrations ;
_c20 cm
490 0 _aHey L'il D! ;
_vBook 4
505 _aR
520 _aL'il Dobber tries to earn money to buy a new basketball while staying out of trouble with his grouchy neighbor Mr. Palmer.
521 8 _a700
_bLexile
521 8 _aR
_bRaz-Plus
650 _aSports
_vFiction
655 7 _aChildren's stories.
_2lcsh
655 7 _aSports stories.
_2lcsh
700 1 _aGoodyear, Heather.
_eAuthor
906 _a7
_bcbc
_ccopycat
_d2
_encip
_f20
_gy-genrareb
942 _2ddc
_cBK
_n0
999 _c6336
_d6336